000 00655nam a22001937a 4500
003 OSt
005 20251020031423.0
008 251020b |||||||| |||| 00| 0 eng d
020 _a978-971-236-506-5
040 _aDWCL - Main Lib
_cOC
082 _aFil. 340.09 On58L 2013
100 _aOng- Santos, Milagros
245 _aLegal research and legal citations for the Philippines/
_cMilagros Ong-Santos
260 _aManila, Philippines :
_bRex Book Store,
_cc2013.
300 _axii, 208 pages :
_billustrations ;
_c 23 cm.
650 _a1. Legal research -- Philippines
650 _a2. Laws - Philippine - Research
942 _2ddc
_cBK - FIL
_kFil
_n0
999 _c4927
_d4927